Tirocinium Iuris Primum Atque Plenius, Super IV. Institutionum D. Iustiniani Libros, distinctum in duas partes Quarum contenta monstrabit aversa pagina. Una Cum Indice

Bibliographic Details
Main Author: Pommeresch, Johann, 1624-1689 (Author, Author of introduction, etc., Dedicator)
Corporate Author: Nisius, Johann (Jena, Nemecko) (Printer)
Other Authors: Raue, Johann, 1610-1679 (Dedicator, Author of introduction, etc., Contributor), Nisius, Johann, zomrel 1684 (Printer)
Format: Book
Language:Latin
PhysicalDescription:[24] listov, 880 strán 8° 16,5 × 11 cm
Published: Prodiit Jenae Sumptibus Joh. Theodori Fleischeri M. DC. LXXII. [=1672]
ISBN:(viaz.)
Subjects:

MARC

LEADER 00000nam a2200000 a 4500
001 vtls011784840
003 SK-MaSNL
005 20260301224405.0
008 251112s1672 gw a 010 0 lat
015 |a SNBHFA1672 
020 |a (viaz.) 
040 |a SNKHF  |b slo  |c SNK  |e AACR2 
041 0 |a lat 
044 |a gw  |c DE 
072 7 |a 34  |x Právo  |2 konspekt 
080 |a 34  |2 2011 
080 |a (048.34)  |2 2011 
080 |a 2‑273  |2 2011 
100 1 |a Pommeresch, Johann,  |d 1624-1689  |4 aut  |4 aui  |4 dto  |4 hnr  |9 614410 
245 1 0 |a Tirocinium Iuris Primum Atque Plenius, Super IV. Institutionum D. Iustiniani Libros, distinctum in duas partes  |b Quarum contenta monstrabit aversa pagina. Una Cum Indice  |c Johannis Pomereschi, Reg. Svec. Maiestatis Consiliarii & Antecessoris in Academia Gryphiswaldensi &c. 
260 |a Prodiit Jenae  |b Sumptibus Joh. Theodori Fleischeri  |c M. DC. LXXII. [=1672]  |e Prodiit Jenae  |f Bibliopol. ibidem, Ex Officina Joh. Nisii 
300 |a [24] listov, 880 strán  |c 8°  |c 16,5 × 11 cm 
500 |a Vlysy, linky, verzály na 3 a 4 riadky, genealogické tabuľky, titulný list červeno-čiernou tlačou, medirytinová ilustrácia pred titulným listom 
501 |a Príväzok 1.: FEHE, Johann. Jul. Pacii Idea Juris Antehac seorsim. [Jena]: [Fleischer, Johann Theodor], 1672.  |5 SNKID 100416/prív.1 
504 |a Kustody 
508 |a Predslov; Dedikácia: Pommeresch, Johann; Gerber, David; Warnsdorff, Johannes Ernst von; Linde, Adrian von der; Färberus, Constantinus; Pahl, Nicolaus; Freder, Heinrich; Schuman, Gabriel; Schmied, Nathanael; Rossow, Joannes; Giesen, Salomon; Brand, Constantin; Koelmer, Klemens; Bodeck, Nicolaus von; Stive, Jacobus; Cämerer, David; Engelke, Adrianus; Elerus, Fridericus; Leischnitz, Gabriel; Wahl, Johann; Bommel, Georgius a; Höfel, Michael; Schmalenberg, Henricus; Schweichard, Christianus; Cammerman, Georgius; Behme, Jacobus; Faber, Vinzenz; Kerssensteinius, Ludovicus; Preitius, Daniel; Widerus, Georgius; Kolkovius, Joannes; Jungschulzius, Joannes; Stephani, Daniel von; Rieuwertsz, Jan; Roggius, Heinricus; Somnitz, Bogislaus a; Giesius, Constantinus; Kemerer, Ernestus; Frederus, Daniel; Fabricius, Joannes Ernestus; Crugerus, Godofredus; Thammius, Tobias; Gervin, Michael; Speck, Marcus Fridericus; Raue, Johann 
510 4 |a VD 17 1:013805E 
546 |a Latinčina  |b Antiqua  |b Kurzíva 
561 |a Z knižnice Učenej spoločnosti malohontskej.  |5 SNKID 100416 
562 |a Rukopisný text na chrbte knihy: Johan: Pomeresch: Tirocinium Juris.; rukopisé poznámky v latinčine.  |5 SNKID 100416 
563 |a Väzba: hladký biely pergamen.  |5 SNKID 100416 
650 0 7 |a právo  |2 SNKPH  |9 976 
650 0 7 |a argumenty  |2 SNKPH  |9 21134 
655 7 |a komentáre  |2 SNKPH  |9 70412 
700 1 |a Gerber, David,  |d 17. storočie  |4 hnr  |9 616523 
700 1 |a Warnsdorff, Johannes Ernst von  |4 hnr  |9 616524 
700 0 |a Justinián  |b I.,  |c byzantský cisár,  |d 483-565  |4 ant 
700 1 |a Fleischer, Johann Theodor,  |d narodený 1651  |4 pbl  |9 614408 
700 1 |a Giesen, Salomon  |4 hnr  |9 616525 
700 1 |a Rossow, Joannes  |4 hnr  |9 616526 
700 1 |a Schmied, Nathanael  |4 hnr  |9 616527 
700 1 |a Schuman, Gabriel  |4 hnr  |9 616528 
700 1 |a Freder, Heinrich,  |d 1610-1654  |4 hnr  |9 616529 
700 1 |a Pahl, Nicolaus,  |d 17. storočie  |4 hnr  |9 616530 
700 1 |a Färberus, Constantinus  |4 hnr  |9 616531 
700 1 |a Linde, Adrian von der,  |d 1610-1682  |4 hnr  |9 352571 
700 1 |a Koelmer, Klemens,  |d 1587-1665  |4 hnr  |9 616532 
700 1 |a Stive, Jacobus  |4 hnr  |9 616533 
700 1 |a Cammerman, Georgius  |4 hnr  |9 616534 
700 1 |a Schweichard, Christianus  |4 hnr  |9 616535 
700 1 |a Schmalenberg, Henricus  |4 hnr  |9 616536 
700 1 |a Höfel, Michael  |4 hnr  |9 616537 
700 1 |a Bommel, Georgius a  |4 hnr  |9 616538 
700 1 |a Wahl, Johann,  |d 17. storočie  |4 hnr  |9 616539 
700 1 |a Leischnitz, Gabriel  |4 hnr  |9 616540 
700 1 |a Elerus, Fridericus  |4 hnr  |9 616541 
700 1 |a Engelke, Adrianus  |4 hnr  |9 616542 
700 1 |a Cämerer, David  |4 hnr  |9 616543 
700 1 |a Brand, Constantin,  |d 1626-1653  |4 hnr  |9 616544 
700 1 |a Bodeck, Nicolaus von,  |d 1611-1676  |4 hnr  |9 557293 
700 1 |a Somnitz, Bogislaus a  |4 hnr  |9 616545 
700 1 |a Roggius, Heinricus  |4 hnr  |9 616546 
700 1 |a Rieuwertsz, Jan,  |d 1616-1687  |4 hnr  |9 616547 
700 1 |a Stephani, Daniel von,  |d 1623-1707  |4 hnr  |9 616548 
700 1 |a Jungschulzius, Joannes  |4 hnr  |9 616549 
700 1 |a Kolkovius, Joannes  |4 hnr  |9 616550 
700 1 |a Widerus, Georgius  |4 hnr  |9 616551 
700 1 |a Preitius, Daniel  |4 hnr  |9 616552 
700 1 |a Kerssensteinius, Ludovicus  |4 hnr  |9 616553 
700 1 |a Raue, Johann,  |d 1610-1679  |4 dto  |4 aui  |4 ctb  |9 616554 
700 1 |a Faber, Vinzenz,  |d 1612-1667  |4 hnr  |9 616555 
700 1 |a Behme, Jacobus  |4 hnr  |9 616556 
700 1 |a Gervin, Michael  |4 hnr  |9 616557 
700 1 |a Thammius, Tobias  |4 hnr  |9 616558 
700 1 |a Crugerus, Godofredus  |4 hnr  |9 616559 
700 1 |a Fabricius, Joannes Ernestus  |4 hnr  |9 616560 
700 1 |a Frederus, Daniel  |4 hnr  |9 616561 
700 1 |a Kemerer, Ernestus  |4 hnr  |9 616562 
700 1 |a Giesius, Constantinus  |4 hnr  |9 616563 
700 1 |a Speck, Marcus Fridericus  |4 hnr  |9 616564 
700 1 |a Nisius, Johann,  |d zomrel 1684  |4 prt  |9 614409 
710 1 |a Učená spoločnosť malohontská  |4 fmo  |9 205374 
710 0 |a Fleischer, Johann Theodor (Jena, Nemecko),  |d 1670-1690  |4 pbl  |9 563782 
710 0 |a Nisius, Johann (Jena, Nemecko),  |d 1652-1684  |4 prt  |9 352074 
752 |a Nemecko  |d Jena 
852 |a snk  |b Historické fondy  |p ID 100416 
999 |c 947016  |d 948946 
952 |t III. D. 7/ MHC 625  |a SNK  |b SNK  |c SNK_HF  |y PREZ  |7 0  |p 17A1131215  |o snkID 100416  |i snk2018/20814  |8 5  |z Kniha má jeden príväzok  |0 0  |1 0  |4 0  |d 2018-10-12  |l 0  |r 2026-02-24 09:37:12  |w 2026-02-24